| Tag |
First Indicator |
Second Indicator |
Subfields |
| LEADER |
00000cam a2200000 a 4500 |
| 001 |
in00000076561 |
| 005 |
20151008053716.0 |
| 008 |
780623s1978 dcu 00010 eng d |
| 010 |
|
|
|a 77018468
|
| 020 |
|
|
|a 0819104191
|
| 035 |
|
|
|a (OCoLC)03999293
|
| 035 |
|
|
|9 AAH8376AM
|
| 040 |
|
|
|a IEA
|c IEA
|d m.c.
|d TXA
|d UtOrBLW
|
| 049 |
|
|
|a TXAM
|c [1632882]
|
| 090 |
|
|
|a PR2524
|b .L58 1978
|
| 100 |
1 |
|
|a Ford, John,
|d 1586-approximately 1640.
|
| 245 |
1 |
0 |
|a John Ford's Love's sacrifice /
|c edited by Herbert W. Hoskins, Jr.
|
| 264 |
|
1 |
|a Washington, D.C. :
|b University Press of America,
|c [1978]
|
| 264 |
|
4 |
|c ©1978
|
| 300 |
|
|
|a xxviii, 187 pages ;
|c 22 cm.
|
| 336 |
|
|
|a text
|b txt
|2 rdacontent
|
| 337 |
|
|
|a unmediated
|b n
|2 rdamedia
|
| 338 |
|
|
|a volume
|b nc
|2 rdacarrier
|
| 700 |
1 |
|
|a Hoskins, Herbert W.
|
| 740 |
0 |
|
|a Love's sacrifice.
|
| 999 |
|
|
|a MARS
|
| 999 |
f |
f |
|s f8146df7-598d-3136-a178-d6037ffa724d
|i 50c5d0ec-dbd7-3537-ac5e-f1dd78fa828d
|t 0
|
| 952 |
f |
f |
|p ric
|a Texas A&M University
|b Rellis Campus
|c Joint Library Facility
|d Remote Storage
|t 0
|e PR2524 .L58 1978
|h Library of Congress classification
|i unmediated -- volume
|m A14806183968
|
| 998 |
f |
f |
|a PR2524 .L58 1978
|t 0
|l Remote Storage
|